| 000 | 00792nam a2200193 i 4500 | ||
|---|---|---|---|
| 001 | 45776 | ||
| 003 | ES-MaACL | ||
| 005 | 20240219223840.0 | ||
| 007 | t| | ||
| 008 | 030326s1927 sp ||||1| spa d | ||
| 100 | 1 |
_aCondeminas, Francisco. _940137 |
|
| 245 | 1 | 0 |
_aCervantes marino _b: trabajo leído por su autor, en la referida escuela, el 7 de octubre de 1926, con motivo de la celebración en la misma de la Fiesta del Libro / _cpor Francisco Condeminas Macaró. |
| 260 |
_aBarcelona : _b[s.n.], _c1927 ( _fSobrinos de López Robert) |
||
| 300 |
_a16 p. : _bil. ; _c22 cm. |
||
| 594 | _aPrecede al título: Escuela Oficial de Nautica de Barcelona. | ||
| 600 | 1 | 7 |
_aCervantes Saavedra, Miguel de, _d1547-1616- _xViajes _2 _9159118 |
| 852 |
_aES-MaACL _j1715-F-19 |
||
| 999 |
_c45776 _d45776 |
||